Longman pronunciation dictionary (Record no. 55035)

MARC details
000 -LEADER
fixed length control field 02077nam a22002777a 4500
005 - DATE AND TIME OF LATEST TRANSACTION
control field 20110808142845.0
020 ## - INTERNATIONAL STANDARD BOOK NUMBER
International Standard Book Number 9781405881180
Terms of availability 399.00
035 ## - SYSTEM CONTROL NUMBER
System control number B-424079-086
037 ## - SOURCE OF ACQUISITION
Source of stock number/acquisition RBC-22385/2010-11/14.3.11/281/4.3.11/21.311
082 ## - DEWEY DECIMAL CLASSIFICATION NUMBER
Classification number 428.1
100 ## - MAIN ENTRY--PERSONAL NAME
Personal name Wells, J. C.
245 ## - TITLE STATEMENT
Title Longman pronunciation dictionary
Statement of responsibility, etc by J.C Wells
250 ## - EDITION STATEMENT
Edition statement 3rd ed.
260 ## - PUBLICATION, DISTRIBUTION, ETC. (IMPRINT)
Place of publication, distribution, etc Essex,England:
Name of publisher, distributor, etc Pearson Education
Date of publication, distribution, etc 2009.
300 ## - PHYSICAL DESCRIPTION
Extent xxxvii,921 p.
Dimensions 22 cm (Pbk)
Accompanying material +CD-ROM
942 ## - ADDED ENTRY ELEMENTS (KOHA)
Source of classification or shelving scheme Dewey Decimal Classification
Item type English Books
Classification part 428.1
Call number suffix WEL
Holdings
Withdrawn status Lost status Not for loan Collection code Home library Current library Date acquired Source of acquisition Cost, normal purchase price Full call number Barcode Copy number Cost, replacement price Koha item type Public note
      Non-fiction Central Library Central Library 08/08/2011 RBC-22385/2010-11/14.3.11/281/4.3.11/21.311 399.00 428.1 WEL B-424079 1 399.00 English Books Legal Case (Register No. 29)
      Non-fiction Janak Puri Janak Puri 08/08/2011 RBC-22385/2010-11/14.3.11/281/4.3.11/21.311 399.00 428.1 WEL B-424081 1 399.00 English Books  
      Non-fiction Karol Bagh Karol Bagh 08/08/2011 RBC-22385/2010-11/14.3.11/281/4.3.11/21.311 399.00 428.1 WEL B-424085 1 399.00 English Books  
      Non-fiction Patel Nagar Patel Nagar 08/08/2011 RBC-22385/2010-11/14.3.11/281/4.3.11/21.311 399.00 428.1 WEL B-424080 1 399.00 English Books  
      Non-fiction R.K.Puram-8 R.K.Puram-8 08/08/2011 RBC-22385/2010-11/14.3.11/281/4.3.11/21.311 399.00 428.1 WEL B-424084 1 399.00 English Books  
      Non-fiction Sarojini Nagar Sarojini Nagar 08/08/2011 RBC-22385/2010-11/14.3.11/281/4.3.11/21.311 399.00 428.1 WEL B-424082 1 399.00 English Books  
  Written-off vide DLB M. No. 383 dt 16.05.19   Non-fiction Shahdara Branch Shahdara Branch 08/08/2011 RBC-22385/2010-11/14.3.11/281/4.3.11/21.311 399.00 428.1 WEL B-424086 1 399.00 English Books  
  Written-off vide DLB M. No. 383 dt 16.05.19   Non-fiction Vinoba Puri Vinoba Puri 08/08/2011 RBC-22385/2010-11/14.3.11/281/4.3.11/21.311 399.00 428.1 WEL B-424083 1 399.00 English Books  

© Delhi Public Library
Hit Counter
free hit counter